| 000 | 00464nam a2200145Ia 4500 | ||
|---|---|---|---|
| 003 | OSt | ||
| 005 | 20260202102705.0 | ||
| 008 | 211028s2018 xx 000 0 und d | ||
| 040 | _cAIMIT LIBRARY | ||
| 041 | _aeng | ||
| 100 |
_aPinto, Wilber Lester; Rose, Swapna. _g1616228 _97980 |
||
| 245 | _aImpact of sales promotion on buying behaviour of the customers in Pantaloons Forum Fiza mall Mangalore / | ||
| 260 |
_aMangalore _bSwapna Rose. _c2018 |
||
| 942 |
_2ddc _cPRO |
||
| 999 |
_c219548 _d219548 |
||